000 01148nam a2200253 a 4500
999 _c373
_d373
003 AR-BaISA
005 20190307105832.0
007 ta
008 160204s2016 sp ad | |||| 00| 0 spa d
020 _a9788490226810
040 _cAR-BaISA
082 0 4 _222
_a616.890 231 G134
100 1 0 _9926
_aGaliana Roch, José
_eaut.
245 1 0 _aEnfermería psiquiátrica /
_cJosé Galiana Roch
260 _aBarcelona:
_bElsevier,
_c2016
300 _aXVI, 373 p.:
_bil., graf.;
_c24 cm.
336 _aTexto (visual)
_2isbdcontent
337 _asin mediación
_2isbdmedia
504 _aBibliografía al final de cada capítulo
505 _tIntroducción a la enfermería psiquiátrica y salud mental --
_tEnfermería psiquiátrica y principales trastornos de salud mental, psicopatología y clínica psiquiátrica --
_tModalidades de tratamiento terapéutico en salud mental y actuación enfermera --
_tEnfermería de salud mental comunitaria --
_tAdministración, ética y legislación en salud mental --
_tInvestigación de enfermería en salud mental
650 1 4 _aEnfermería psiquiátrica
_9106
650 1 4 _aSalud mental
_9140
942 _2ddc
_cLI